Zákon č. 210/2003 Z.z. z 21. mája 2003, ktorým sa mení a dopĺňa zákon č. 311/2001 Z.z. Zákonníka práce v znení neskorších predpisov
Zmeny a doplnky zákona č. 311/2001 Z.z. Zákonníka práce v znení zákona č. 165/2002 Z.z., zákona č. 408/2002 Z.z. a zákona č. 413/2002 Z.z. Pokračovanie v nasledujúcom čísle.
Uložené v:
| Médium: | Kapitola |
|---|---|
| Jazyk: | Slovak |
| Predmet: | |
| Tagy: |
Žiadne tagy, Buďte prvý, kto otaguje tento záznam!
|
MARC
| LEADER | 00000naa$a2200000$$$4500 | ||
|---|---|---|---|
| 001 | 0003696 | ||
| 005 | 20230925073233.2 | ||
| 041 | 0 | |a slo | |
| 044 | |a SK | ||
| 245 | 1 | 0 | |a Zákon č. 210/2003 Z.z. z 21. mája 2003, ktorým sa mení a dopĺňa zákon č. 311/2001 Z.z. Zákonníka práce v znení neskorších predpisov |
| 520 | |a Zmeny a doplnky zákona č. 311/2001 Z.z. Zákonníka práce v znení zákona č. 165/2002 Z.z., zákona č. 408/2002 Z.z. a zákona č. 413/2002 Z.z. Pokračovanie v nasledujúcom čísle. | ||
| 610 | 2 | 0 | |a zákonník práce |
| 610 | 2 | 0 | |a zákony |
| 610 | 2 | 0 | |a novelizácia |
| 610 | 2 | 0 | |a Slovensko |
| 610 | 2 | 0 | |a 2003 |